000
00243nam a2200097Ia 4500
008
230508s2018 xx 000 0 und d
041
_a
eng
100
_a
GHOSE D N
245
_a
MATERIALS OF CONSTRUCTION
260
_b
MCGRAW HILL EDU.
_c
2018
_g
2014
999
_c
713036
_d
713036